[Event "Titled Tuesday intern op 05th Mar Early"]
[Site "Chess.com INT"]
[Date "2024.03.05"]
[Round "6"]
[White "Valtiner, Adamo"]
[Black "Prado Segura, Robinson Alexander"]
[Result "1-0"]
[WhiteElo "2009"]
[BlackElo "1877"]
[PlyCount "165"]
[EventDate "2024.03.05"]
[EventType "swiss (blitz)"]
[EventRounds "11"]
[EventCountry "USA"]
[SourceTitle "EXT 2025"]
[Source "ChessBase"]
[SourceDate "2024.10.14"]
[SourceVersion "1"]
[SourceVersionDate "2024.10.14"]
[SourceQuality "1"]

1. e4 c5 2. b4 b6 3. Bc4 e6 4. Nf3 Bb7 5. 0-0 Bxe4 6. d3 Bb7 7. Bb2 Nf6 8. bxc5 bxc5 9. Nbd2 a6 10. Rb1 Bc6 11. Ne5 d5 12. Nxc6 Nxc6 13. Bb3 Bd6 14. Nf3 0-0 15. Ng5 h6 16. Nf3 Bc7 17. Re1 d4 18. Bc1 Rb8 19. Bd2 Qd6 20. g3 Rfe8 21. Bf4 e5 22. Bd2 Na5 23. Nh4 Nxb3 24. axb3 Qd7 25. Ng2 e4 26. dxe4 Nxe4 27. Bf4 Bxf4 28. Nxf4 Nc3 29. Qd3 Nxb1 30. Rxb1 Re7 31. Qxa6 Rbe8 32. Nd3 Qd5 33. Rc1 Re2 34. Nf4 Qf3 35. Nxe2 Rxe2 36. Rf1 Rxc2 37. Qa4 Rc3 38. b4 cxb4 39. Qxb4 Rb3 40. Qxd4 Rd3 41. Qa7 Ra3 42. Qb8+ Kh7 43. Qe5 Rd3 44. h4 f6 45. Qe8 Qf5 46. Kg2 Qd5+ 47. Kg1 Qf3 48. Re1 Qf5 49. Qe2 Rd5 50. Qf1 Re5 51. Rd1 Rd5 52. Rc1 Rc5 53. Ra1 Rc3 54. Ra4 Qg6 55. Rf4 Rd3 56. Kh2 Rd6 57. Qg2 Rd3 58. Qh3 Rd2 59. Kg2 Qc2 60. h5 Qc6+ 61. Kh2 Qc2 62. Qg2 Re2 63. Qf3 Qd2 64. Kg2 Qc2 65. g4 Qd2 66. Kg3 Qc2 67. Qg2 Rd2 68. Rf3 Rd3 69. Kh3 Rxf3+ 70. Qxf3 Qb1 71. Kg3 Qc2 72. Qf4 Qc3+ 73. f3 Qc1 74. Qf5+ Kg8 75. Qe6+ Kh7 76. Qe4+ Kg8 77. f4 Qb2 78. Qf3 Qc1 79. Qd3 Qe1+ 80. Kf3 Qh1+ 81. Ke3 Qh3+ 82. Ke4 Qh1+ 83. Kf5 1-0

[Event "Bogota Students-ch 22th"]
[Site "Bogota"]
[Date "2013.11.04"]
[Round "4"]
[White "Prado Segura, Robinson Alexander"]
[Black "Herrera, Juan Sebastian"]
[Result "1/2-1/2"]
[WhiteElo "1868"]
[BlackElo "2214"]
[PlyCount "89"]
[EventDate "2013.11.03"]
[EventType "swiss"]
[EventRounds "6"]
[EventCountry "COL"]
[SourceTitle "EXT 2014"]
[Source "ChessBase"]
[SourceDate "2013.11.20"]
[SourceVersion "1"]
[SourceVersionDate "2013.11.20"]
[SourceQuality "1"]

1. e4 c5 2. Nf3 e6 3. d3 Nc6 4. g3 d5 5. Nbd2 b6 6. Bg2 dxe4 7. Nxe4 Bb7 8. 0-0 Be7 9. b3 Nf6 10. Bb2 0-0 11. a3 Rc8 12. Qe2 Nd7 13. h4 e5 14. c4 Re8 15. Bh3 Bf8 16. h5 Rc7 17. Kh2 Nf6 18. Nfg5 Nxe4 19. Nxe4 Bc8 20. Bxc8 Qxc8 21. h6 f5 22. hxg7 Kxg7 23. Ng5 Kg8 24. Qh5 Rd8 25. Rae1 Rd6 26. Kg2 Rh6 27. Qf3 Bg7 28. Qd5+ Kf8 29. Bxe5 Bxe5 30. Rxe5 Nxe5 31. Qxe5 Rg7 32. Re1 f4 33. Ne6+ Rxe6 34. Qxe6 Qxe6 35. Rxe6 fxg3 36. fxg3 Rd7 37. Re3 Kf7 38. Kf3 Kf6 39. Ke2 Kf5 40. Re4 h5 41. Ke3 Rg7 42. Rf4+ Ke5 43. Re4+ Kf5 44. Rf4+ Ke5 45. Re4+ 1/2-1/2

[Event "Pan American-ch"]
[Site "Cartagena"]
[Date "2012.07.07"]
[Round "7"]
[White "Prado Segura, Robinson Alexander"]
[Black "Millan, John Alberto"]
[Result "0-1"]
[WhiteElo "1852"]
[BlackElo "1860"]
[PlyCount "80"]
[EventDate "2012.07.04"]
[EventType "swiss"]
[EventRounds "9"]
[EventCountry "COL"]
[SourceTitle "CBM 149 Extra"]
[Source "ChessBase"]
[SourceDate "2012.08.24"]
[SourceVersion "1"]
[SourceVersionDate "2012.08.24"]
[SourceQuality "1"]

1. e4 e5 2. d4 exd4 3. Qxd4 Nc6 4. Qe3 Bb4+ 5. Nc3 d6 6. Bd2 Nf6 7. 0-0-0 0-0 8. f3 Be6 9. g4 Ne5 10. a3 Bc5 11. Qf4 Bf2 12. h4 Ne8 13. h5 f6 14. Be3 Bxe3+ 15. Qxe3 a6 16. Nh3 b5 17. Nf4 Bf7 18. Be2 c6 19. Rdg1 Qa5 20. g5 fxg5 21. Rxg5 b4 22. h6 g6 23. Nxg6 Bxg6 24. f4 bxc3 25. Rxg6+ Nxg6 26. Bc4+ d5 27. exd5 cxb2+ 28. Kb1 cxd5 29. Qe6+ Kh8 30. f5 Qxa3 31. Ba2 Qd6 32. Qxd6 Nxd6 33. fxg6 hxg6 34. Kxb2 Nc4+ 35. Kc3 Rf5 36. Kd4 Rh5 37. Rg1 Kh7 38. c3 Kxh6 39. Bb1 Rg5 40. Rh1+ Kg7 0-1

[Event "Bogota Semana Santa op"]
[Site "Bogota"]
[Date "2012.04.07"]
[Round "7"]
[White "Prado Segura, Robinson Alexander"]
[Black "Tirado, Juan Camilo"]
[Result "0-1"]
[WhiteElo "1829"]
[BlackElo "1977"]
[PlyCount "78"]
[EventDate "2012.04.04"]
[EventType "swiss"]
[EventRounds "9"]
[EventCountry "COL"]
[SourceTitle "CBM 147 Extra"]
[Source "ChessBase"]
[SourceDate "2012.04.24"]
[SourceVersion "1"]
[SourceVersionDate "2012.04.24"]
[SourceQuality "1"]

1. e4 c5 2. Nc3 d6 3. f4 Nc6 4. Nf3 e6 5. Bb5 Bd7 6. d3 a6 7. Bc4 b5 8. Bb3 Qb6 9. Be3 Nd4 10. 0-0 a5 11. a3 Nxb3 12. cxb3 Qb7 13. f5 Nf6 14. fxe6 Bxe6 15. Ng5 Bg4 16. Qe1 Be7 17. Qh4 Be6 18. Nxe6 fxe6 19. Qh3 e5 20. a4 b4 21. Nb5 Qd7 22. Qg3 0-0 23. Rf5 Rf7 24. Raf1 Raf8 25. Qe1 g6 26. R5f3 Ne8 27. Rxf7 Rxf7 28. Rxf7 Kxf7 29. h3 Bf6 30. Qc1 Ke7 31. Qc4 Qe6 32. Na7 Qxc4 33. bxc4 Kd7 34. b3 Ng7 35. g4 Ne6 36. Nb5 Bg5 37. Bf2 Nf4 38. h4 Bd8 39. g5 Nxd3 0-1

[Event "Bogota Semana Santa op"]
[Site "Bogota"]
[Date "2012.04.05"]
[Round "4"]
[White "Nieto, Manuel Valerio Wald"]
[Black "Prado Segura, Robinson Alexander"]
[Result "1/2-1/2"]
[WhiteElo "1959"]
[BlackElo "1829"]
[PlyCount "73"]
[EventDate "2012.04.04"]
[EventType "swiss"]
[EventRounds "9"]
[EventCountry "COL"]
[SourceTitle "CBM 147 Extra"]
[Source "ChessBase"]
[SourceDate "2012.04.24"]
[SourceVersion "1"]
[SourceVersionDate "2012.04.24"]
[SourceQuality "1"]

1. e4 d5 2. exd5 Nf6 3. c4 c6 4. d4 cxd5 5. Nc3 dxc4 6. Bxc4 e6 7. Nf3 Be7 8. 0-0 0-0 9. Bf4 a6 10. Re1 b5 11. Bb3 Bb7 12. Rc1 Nc6 13. d5 exd5 14. Nxd5 Nxd5 15. Bxd5 Rc8 16. Bxc6 Rxc6 17. Qxd8 Bxd8 18. Rxc6 Bxc6 19. Ne5 Re8 20. Rd1 Be4 21. Rd7 Bf5 22. Rd1 g5 23. Be3 Bf6 24. Nc6 Rc8 25. Nd4 Be4 26. Kf1 Be7 27. Rc1 Bd3+ 28. Ke1 Bb4+ 29. Kd1 Rxc1+ 30. Kxc1 h6 31. a3 Bd6 32. Kd2 Bg6 33. g3 Kf8 34. h4 f6 35. hxg5 hxg5 36. Ne6+ Ke7 37. Nc5 1/2-1/2

[Event "Bogota Semana Santa op"]
[Site "Bogota"]
[Date "2012.04.05"]
[Round "3"]
[White "Prado Segura, Robinson Alexander"]
[Black "Ruge, Edison"]
[Result "0-1"]
[WhiteElo "1829"]
[BlackElo "2225"]
[PlyCount "104"]
[EventDate "2012.04.04"]
[EventType "swiss"]
[EventRounds "9"]
[EventCountry "COL"]
[SourceTitle "CBM 147 Extra"]
[Source "ChessBase"]
[SourceDate "2012.04.24"]
[SourceVersion "1"]
[SourceVersionDate "2012.04.24"]
[SourceQuality "1"]

1. e4 e5 2. Nf3 Nc6 3. Bc4 Bc5 4. b4 d5 5. exd5 Nxb4 6. 0-0 Bg4 7. Nc3 Nf6 8. Re1 0-0 9. a3 Bxf3 10. gxf3 Nbxd5 11. Nxd5 Nxd5 12. Rxe5 Bxf2+ 13. Kxf2 Qh4+ 14. Kg2 Qxc4 15. Bb2 Rad8 16. Re4 Qc6 17. Kh1 f5 18. Rd4 Nf6 19. Qe2 Rde8 20. Qg2 Rf7 21. d3 g6 22. Rc4 Qe6 23. Rg1 c6 24. Rh4 Rg7 25. Qg5 Rf8 26. Bc3 c5 27. Re1 Qc6 28. Kg1 Rgf7 29. Qh6 Re8 30. Rxe8+ Nxe8 31. Kf2 Re7 32. Qf4 Qe6 33. Qc4 Qxc4 34. Rxc4 b6 35. a4 Nd6 36. Rh4 h5 37. Bf6 Re6 38. Bg5 Nf7 39. Bd2 Ne5 40. d4 cxd4 41. Rxd4 Rc6 42. Rd8+ Kf7 43. Ra8 Rxc2 44. Rxa7+ Ke6 45. f4 Nc4 46. Rc7 Rxd2+ 47. Ke1 Rd4 48. Rc6+ Kd5 49. Rxg6 Rxf4 50. Rg5 h4 51. Rh5 Nd6 52. Rh6 Rxa4 0-1

[Event "Bogota Region-ch Amateur"]
[Site "Bogota"]
[Date "2012.03.04"]
[Round "7.10"]
[White "Perez Esparza, Juan Carlos"]
[Black "Prado Segura, Robinson Alexander"]
[Result "0-1"]
[WhiteElo "1754"]
[BlackElo "1829"]
[PlyCount "72"]
[EventDate "2012.03.01"]
[EventType "swiss"]
[EventRounds "7"]
[EventCountry "COL"]
[SourceTitle "EXT 2024"]
[Source "ChessBase"]
[SourceDate "2023.10.10"]
[SourceVersion "1"]
[SourceVersionDate "2023.10.10"]
[SourceQuality "1"]

1. Nf3 Nf6 2. g3 g6 3. Bg2 Bg7 4. 0-0 0-0 5. c4 d6 6. d4 Nc6 7. Nc3 e5 8. d5 Ne7 9. e4 Ne8 10. b4 h6 11. c5 f5 12. Bb2 g5 13. h4 Ng6 14. hxg5 hxg5 15. c6 f4 16. Nh2 Nf6 17. a4 a6 18. a5 Kf7 19. b5 Rh8 20. cxb7 Bxb7 21. Ra3 Qd7 22. b6 cxb6 23. axb6 g4 24. Na4 f3 25. Bh1 Nxe4 26. Qc2 Ng5 27. Rc1 Qb5 28. Qf5+ Bf6 29. Rc7+ Ne7 30. Bxf3 gxf3 31. Rxf3 Nxf3+ 32. Nxf3 Qxd5 33. Ng5+ Ke8 34. Qd7+ Kf8 35. Ne6+ Kg8 36. f3 Rh1+ 0-1

[Event "Bogota McGregor op 2nd"]
[Site "Bogota"]
[Date "2011.12.06"]
[Round "1"]
[White "Prado Segura, Robinson Alexander"]
[Black "Ruge, Edison"]
[Result "0-1"]
[WhiteElo "1828"]
[BlackElo "2264"]
[PlyCount "88"]
[EventDate "2011.12.06"]
[EventType "swiss"]
[EventRounds "10"]
[EventCountry "COL"]
[SourceTitle "CBM 145 Extra"]
[Source "ChessBase"]
[SourceDate "2012.01.03"]
[SourceVersion "1"]
[SourceVersionDate "2012.01.03"]
[SourceQuality "1"]

1. e4 e5 2. Nf3 Nc6 3. Bc4 Bc5 4. b4 d5 5. exd5 Nxb4 6. Nc3 Bg4 7. 0-0 Nf6 8. Re1 0-0 9. Rxe5 Bxf3 10. Qxf3 Nxc2 11. Rb1 Qd6 12. Rg5 Nd4 13. Qg3 Qxg3 14. Rxg3 Rfe8 15. Bb2 Nf5 16. Rf3 Nd6 17. Bd3 Bd4 18. Nb5 Nxb5 19. Bxb5 Bxb2 20. Bxe8 Rxe8 21. Re3 Bd4 22. Rxe8+ Nxe8 23. Rxb7 Kf8 24. Kf1 Ke7 25. Rb4 Bc5 26. Rc4 Kd6 27. Rf4 Nf6 28. g4 Ke7 29. Rc4 Bb6 30. h3 Nxd5 31. f4 Kd6 32. Ke2 a5 33. Kf3 Nb4 34. a3 Nd5 35. Ke4 Nf6+ 36. Kf5 Kd5 37. d3 Ne8 38. Kg5 Nd6 39. Ra4 c6 40. f5 f6+ 41. Kf4 Kc5 42. h4 Kb5 43. Re4 Nxe4 44. dxe4 Bc7+ 0-1

[Event "Bogota Mayores Distrital op 03"]
[Site "Bogota"]
[Date "2011.03.19"]
[Round "2.9"]
[White "Prado Segura, Robinson Alexander"]
[Black "Latorre, Franklin Leandro"]
[Result "0-1"]
[WhiteElo "1818"]
[BlackElo "1990"]
[PlyCount "38"]
[EventDate "2011.03.18"]
[EventType "swiss"]
[EventRounds "7"]
[EventCountry "COL"]
[SourceTitle "EXT 2024"]
[Source "ChessBase"]
[SourceDate "2023.10.10"]
[SourceVersion "1"]
[SourceVersionDate "2023.10.10"]
[SourceQuality "1"]

1. e4 c6 2. d3 d5 3. Nd2 e5 4. Ngf3 Nd7 5. g3 Ngf6 6. Bg2 Bc5 7. 0-0 0-0 8. c3 Re8 9. Qc2 Nf8 10. d4 exd4 11. e5 d3 12. Qxd3 Ng4 13. Nb3 Bb6 14. Bf4 Ng6 15. Rae1 Bc7 16. Bg5 Qd7 17. Nc5 Qf5 18. e6 Bxe6 19. Qxf5 Bxf5 0-1

[Event "Bogota Torneo Distrital op"]
[Site "Bogota"]
[Date "2010.05.17"]
[Round "7.17"]
[White "Coy, William"]
[Black "Prado Segura, Robinson Alexander"]
[Result "1/2-1/2"]
[WhiteElo "1675"]
[BlackElo "1791"]
[PlyCount "82"]
[EventDate "2010.05.14"]
[EventType "swiss"]
[EventRounds "7"]
[EventCountry "COL"]
[SourceTitle "EXT 2024"]
[Source "ChessBase"]
[SourceDate "2023.10.10"]
[SourceVersion "1"]
[SourceVersionDate "2023.10.10"]
[SourceQuality "1"]

1. d4 Nf6 2. c4 c5 3. d5 b5 4. cxb5 a6 5. bxa6 Bxa6 6. Nc3 d6 7. e4 Bxf1 8. Kxf1 g6 9. Qd3 Nbd7 10. f4 Bg7 11. Nf3 0-0 12. h3 Qc7 13. Kg1 Rfb8 14. Kh2 Rb4 15. Qc2 e6 16. Rd1 exd5 17. a3 Rbb8 18. Nxd5 Nxd5 19. Rxd5 Nf6 20. Rd1 Re8 21. e5 dxe5 22. Nxe5 Rxe5 23. fxe5 Qxe5+ 24. g3 h5 25. Bf4 Qe6 26. Re1 Qd5 27. Rad1 Qa2 28. Rd2 c4 29. b4 cxb3 30. Qxa2 bxa2 31. Rxa2 Nd5 32. Be5 Nb4 33. Rd2 Rxa3 34. Bxg7 Kxg7 35. Re7 Nc6 36. Rc7 Ne5 37. Kg2 h4 38. gxh4 Nf3 39. Rdd7 Nxh4+ 40. Kh2 Nf3+ 41. Kh1 Ng5 1/2-1/2